| 000 | 02462cam a22004454i 4500 | ||
|---|---|---|---|
| 003 | PE-LiUPU | ||
| 005 | 20250731165428.0 | ||
| 008 | 160211s2012 pe a grm 000 0 spa d | ||
| 035 | _a(Sirsi) a156072 | ||
| 040 |
_aPE-LiUPU _bspa _cPE-LiUPU _erda |
||
| 099 |
_aTE 2 _bC26 2012 |
||
| 100 | 1 |
_aCari Mamani, Yaneth Melysia _eautor |
|
| 245 | 1 |
_aInfluencia del nivel de dominio léxico en la producción de textos escritos narrativos: cuentos; en los estudiantes de 2do grado de secundaria de la Institución Educativa "Fe y Alegría" N° 41 de la Era - Ñaña / _cYaneth Melysia Cari Mamani. |
|
| 264 | 0 | _c2012. | |
| 300 |
_a136 hojas : _bilustraciones; _c28.5 cm |
||
| 336 |
_atext _2rdacontent |
||
| 337 |
_aunmediated _2rdamedia |
||
| 338 |
_avolume _2rdacarrier |
||
| 502 |
_aTesis _b(Lic.) -- _cUniversidad Peruana Unión, _d2012. |
||
| 504 | _aIncluye referencias | ||
| 520 | 3 | _aEl propósito de esta investigación es determinar la influencia del nivel de dominio léxico en la producción de textos escritos narrativos cuentos, en los estudiantes del segundo grado de la Institución Educativa "Fe y Alegría'' N°41 de la UGEL 06 del Distrito de Lurigancho / Chosica, Lima. Se utilizo el diseño no experimental transversal descriptivo de alcance correlacional causal. Para determinar esta investigación se contó con una muestra constituida por 42 estudiantes de la institución ya mencionada. Para la recolección de datos se utilizaron dos instrumentos, una lista de cotejo (un total de 17 indicadores) y una ficha de evaluación (un total de 9 indicadores), también se incluyó una matriz de evaluación interna con indicadores de evaluación según las escalas de calificaciones de cada indicador plasmada en la lista de cotejo y ficha de evaluación. Para aplicar estos instrumentos primero se hizo producir un cuento en un tiempo máximo de 20 minutos a cada estudiante de la muestra. | |
| 526 | _aSEG44 | ||
| 526 | _aSEG26 | ||
| 526 | _aP151 | ||
| 526 | _aP150 | ||
| 526 | _aP149 | ||
| 526 | _aP146 | ||
| 526 | _aP145 | ||
| 526 | _aP126 | ||
| 526 | _aP125 | ||
| 526 | _aP92 | ||
| 526 | _aP75 | ||
| 526 | _aP74 | ||
| 526 | _aP27 | ||
| 526 | _aP15 | ||
| 650 | 0 | 4 | _aCreación (Literaria, Artística, ETC.) |
| 596 | _a1 | ||
| 942 |
_2ddc _cTESIS |
||
| 999 |
_aTE 2 C26 2012 _wALPHANUM _c8753 _iT01272 _lCCODEBUL3 _mBUL _r1 _sY _tTESIS _u2016-2-11 _xEDUCACION _PP14 _o.STAFF. Tesis _d8753 |
||
| 980 |
_81 _gALBERTO SANCHEZ Responsable de Automatización |
||